Muerte en España : (Record no. 118415)

MARC details
000 -LEADER
campo de control de longitud fija 00920nam a2200265 i 4500
001 - NÚMERO DE CONTROL
campo de control 118415
003 - IDENTIFICADOR DE NÚMERO DE CONTROL
campo de control ES-MaACL
005 - FECHA Y HORA DE LA ÚLTIMA TRANSACCIÓN
campo de control 20250813030515.0
007 - CAMPO FIJO DE DESCRIPCIÓN FÍSICA--INFORMACIÓN GENERAL
campo de control de longitud fija t|
008 - DATOS DE LONGITUD FIJA--INFORMACIÓN GENERAL
campo de control de longitud fija 070214s1972 sp a |||| | spa d
080 ## - NÚMERO DE LA CLASIFICACIÓN DECIMAL UNIVERSAL
Número de la Clasificación Decimal Universal 616-036.22(46)"17/18"
100 1# - ENTRADA PRINCIPAL--NOMBRE DE PERSONA
Nombre de persona Peset, Mariano.
9 (RLIN) 91434
245 10 - MENCIÓN DEL TÍTULO
Título Muerte en España :
Resto del título (política y sociedad entre la peste y el cólera) /
Mención de responsabilidad, etc. M. y J.L. Peset ; prólogo de P. Laín Entralgo.
260 ## - PUBLICACIÓN, DISTRIBUCIÓN, ETC.
Lugar de publicación, distribución, etc. Madrid :
Nombre del editor, distribuidor, etc. Seminarios y Ediciones,
Fecha de publicación, distribución, etc. 1972.
300 ## - DESCRIPCIÓN FÍSICA
Extensión 258 p. :
Otras características físicas il. ;
Dimensiones 18 cm.
490 1# - MENCIÓN DE SERIE
Mención de serie Hora H. Ensayos y documentos ;
Designación de volumen o secuencia 24
650 #7 - PUNTO DE ACCESO ADICIONAL DE MATERIA--TÉRMINO DE MATERIA
Término de materia o nombre geográfico como elemento de entrada Epidemias-
Subdivisión geográfica España
Fuente del encabezamiento o término
9 (RLIN) 168738
650 #4 - PUNTO DE ACCESO ADICIONAL DE MATERIA--TÉRMINO DE MATERIA
Término de materia o nombre geográfico como elemento de entrada Peste-
Subdivisión geográfica España.
9 (RLIN) 141663
650 #4 - PUNTO DE ACCESO ADICIONAL DE MATERIA--TÉRMINO DE MATERIA
Término de materia o nombre geográfico como elemento de entrada Cólera-
Subdivisión geográfica España.
9 (RLIN) 171643
700 1# - ENTRADA AGREGADA--NOMBRE PERSONAL
Nombre de persona Peset, José Luis.
9 (RLIN) 91433
700 1# - ENTRADA AGREGADA--NOMBRE PERSONAL
Nombre de persona Laín Entralgo, Pedro,
Fechas asociadas al nombre 1908-2001
9 (RLIN) 69681
830 1# - PUNTO DE ACCESO ADICIONAL DE SERIE-TÍTULO UNIFORME
Título uniforme Hora H. Ensayos y documentos ;
Designación de volumen o secuencia 24
9 (RLIN) 176510
852 ## - LOCALIZACIÓN
Ubicación ES-MaACL
Número de control de estantería C-42873
Holdings
Estatus retirado Estado de pérdida Estado de daño No para préstamo Biblioteca de origen Biblioteca actual Ubicación en estantería Fecha de adquisición Fuente de adquisición Total de préstamos Signatura topográfica completa Código de barras Visto por última vez Precio de reemplazo Tipo de ítem Koha
        Biblioteca del Ateneo de Madrid Biblioteca del Ateneo de Madrid Depósito 2 17/01/2008     C-42873 1123447 23/02/2023 23/02/2023 Libro impreso